LEADER 01369nam a2200241 i 4500 001 000000131662 003 CaOOAMICUS 005 20250708143051.0 008 041123n it u000 u ita u 013 $a104544 040 $aSeMil$bita 245 10$aFascicolo-Omaggio per il primo centenario del R. Gabinetto Numismatico e Medagliere Nazionale di Brera in occasione delle onoranze a Solone Ambrosoli /$cnote di numismatica e di medaglistica, spigolature d'archivio redatte da Serafino Ricci ; collaboratori Andrea Balletti ... [et al.]. 260 $aS.l. :$bCrespi,$c[19--]?. 300 $a126 p., [2] c. di tav. ;$c25 cm. 650 4$aMilano - Regio gabinetto numismatico di Brera.$0(OLS)http://semarc/subject/58112 650 4$aAmbrosoli, Solone <1851-1906> - Collezione numismatica.$0(OLS)http://semarc/subject/58113 700 1 $aBalletti, Andrea.$0(OLS)http://semarc/name/54330 700 1 $aRicci, Serafino,$d<1867-1943>.$0(OLS)http://semarc/name/54323 850 $aSeMil 852 $aSeMil$W1$xVenegono$y1$m3Y IV 34$j259301$B85614$CSeMilBibl$Z2$F89376 $81 996 $6245$aFascicolo-Omaggio per il primo centenario del R. Gabinetto Numismatico e Medagliere Nazionale di Brera in occasione delle onoranze a Solone Ambrosoli$9(OLS)http://semarc/title/193559 996 $6260$aS.l. :$bCrespi$9(OLS)http://semarc/publisher/44037 LEADER 01620nam a2200289 i 4500 001 000000153627 003 CaOOAMICUS 005 20250114142519.0 008 060928s2006 gw u000 u ger u 020 $a3-525-53082-X 040 $aSeMil$bita 100 1 $aTaeger, Jens-W.,$d<1945-2004>.$0(OLS)http://semarc/name/60151 245 10$aJohanneische Perspektiven :$bAufsätze zur Johannesapokalypse und zum johanneischen Kreis 1984-2003 /$cJens-W. Taeger ; herausgegeben von David C. Bienert und Dietrich-Alex Koch. 260 $aGöttingen :$bVandenhoeck & Ruprecht,$c2006. 300 $a254 p. :$b[1] ritr. ;$c24 cm. 490 0 $aForschungen zur Religion und Literatur des Alten und Neuen Testaments ;$v215 650 4$aBibbia. Nuovo Testamento. Apocalisse - Commentari, studi, critica, interpretazioni.$0(OLS)http://semarc/subject/1763 700 1 $aKoch, Dietrich-Alex,$d<1942- >.$0(OLS)http://semarc/name/60153 700 1 $aBienert, David C.,$d<1976- >.$0(OLS)http://semarc/name/60152 830 0$aForschungen zur Religion und Literatur des Alten und Neuen Testaments ;$v215.$0(OLS)http://semarc/title/298 850 $aSeMil 852 $aSeMil$W1$xVenegono$y1$m2XA S 215$j253803$B105550$CSeMilBibl$Z2$F114712 $81 961 $aSottoscrizione: Vandenhoeck & Ruprecht 996 $6020$a3-525-53082-X$9(OLS)http://semarc/number/143484 996 $6245$aJohanneische Perspektiven :$bAufsätze zur Johannesapokalypse und zum johanneischen Kreis 1984-2003$9(OLS)http://semarc/title/224811 996 $6260$aGöttingen :$bVandenhoeck & Ruprecht$9(OLS)http://semarc/publisher/29697